000
00215 a2200097 4500
001
4531
100
_a
Hill,P.G
245
_a
Mechanics & thermodynamics of propulsion
260
_a
_b
Addison
_c
090
_c
3729
_d
3729
942
_a
NUST-CAE
_c
M
_c
29966
999
_c
239604
_d
239604